Cài đặt mạng máy tính ở nhà = Build your own PC home network /

Kaydedildi:
Detaylı Bibliyografya
Yazar: Hoàng Thanh
Diğer Yazarlar: Trương Văn Thiện
Materyal Türü: Sách giấy
Dil:Vietnamese
Baskı/Yayın Bilgisi: H. : Thống kê, 2002
Etiketler: Etiketle
Etiket eklenmemiş, İlk siz ekleyin!
Thư viện lưu trữ: Thư viện Trường Đại học Đà Lạt
LEADER 00710nam a2200289 4500
001 DLU040027264
005 ##20040422
040 # # |a DLU  |b vie 
041 # # |a vie 
044 # # |a vn 
082 # # |a 621.39  |b HO-T 
100 # # |a Hoàng Thanh 
245 # # |a Cài đặt mạng máy tính ở nhà =  |b Build your own PC home network /  |c Hoàng Thanh, Trương Văn Thiện 
260 # # |a H. :  |b Thống kê,  |c 2002 
300 # # |a 152 tr. ;  |c 21 cm 
700 # # |a Trương Văn Thiện 
923 # # |a 10/2004 
992 # # |a 15000 
994 # # |a DLU 
900 # # |a True 
911 # # |a Đào Thị Thu Huyền 
925 # # |a G 
926 # # |a A 
927 # # |a SH 
980 # # |a Thư viện Trường Đại học Đà Lạt